[Event "RSA-chT U12"]
[Site "Cape Town"]
[Date "2016.01.07"]
[Round "7.3"]
[White "Reddy, Rai"]
[Black "Xongwana, Sahlulelo"]
[Result "1-0"]
[WhiteElo "1063"]
[BlackElo "969"]
[PlyCount "53"]
[EventDate "2016.01.04"]
[EventType "team-tourn"]
[EventRounds "7"]
[EventCountry "RSA"]
[SourceTitle "CBM 170 Extra"]
[Source "ChessBase"]
[SourceDate "2016.02.25"]
[SourceVersion "1"]
[SourceVersionDate "2016.02.25"]
[SourceQuality "1"]
[WhiteTeam "Ethekwini"]
[BlackTeam "Buffalo City"]
[WhiteTeamCountry "RSA"]
[BlackTeamCountry "RSA"]

1. e4 e5 2. d3 h6 3. f4 d6 4. Nf3 Nc6 5. Be2 Bg4 6. 0-0 Nf6 7. Be3 Nh5 8. Nfd2 Bxe2 9. Qxe2 Qh4 10. f5 Nf4 11. Bxf4 exf4 12. Qf3 g5 13. fxg6 Nd4 14. gxf7+ Kd8 15. Qd1 Rh7 16. Nf3 Qf6 17. Nxd4 Qxd4+ 18. Kh1 Rxf7 19. Nc3 Kd7 20. Qg4+ Kc6 21. Rxf4 Rg7 22. Qf3 Rg8 23. e5+ Kc5 24. Rxd4 Kxd4 25. Qe4+ Kc5 26. Qd5+ Kb6 27. Qb5# 1-0